| Tag |
First Indicator |
Second Indicator |
Subfields |
| LEADER |
00000pam a2200000 a 4500 |
| 001 |
in00000099662 |
| 005 |
20150924160319.0 |
| 008 |
820208s1982 ilua b 00110 eng |
| 010 |
|
|
|a 82000825
|
| 020 |
|
|
|a 0398046352 (pbk.)
|
| 035 |
|
|
|a (OCoLC)08219074
|
| 035 |
|
|
|9 AAL0280AM
|
| 039 |
0 |
|
|a 2
|b 3
|c 3
|d 3
|e 3
|
| 040 |
|
|
|a DLC
|c DLC
|d TXA
|d UtOrBLW
|
| 049 |
|
|
|a TXAM
|c [1117174]
|
| 050 |
0 |
0 |
|a Q180.55 P7
|b M3 1982
|
| 082 |
0 |
|
|a 001.4/4
|2 19
|
| 100 |
1 |
|
|a McAdam, Robert Everett,
|d 1920-
|
| 245 |
1 |
0 |
|a Research and project funding for the uninitiated /
|c by Robert E. McAdam, Michael Maher, John F. McAteer.
|
| 264 |
|
1 |
|a Springfield, Ill. :
|b Thomas,
|c [1982]
|
| 264 |
|
4 |
|c ©1982
|
| 300 |
|
|
|a ix, 72 pages :
|b illustrations ;
|c 28 cm.
|
| 336 |
|
|
|a text
|b txt
|2 rdacontent
|
| 337 |
|
|
|a unmediated
|b n
|2 rdamedia
|
| 338 |
|
|
|a volume
|b nc
|2 rdacarrier
|
| 500 |
|
|
|a Includes index.
|
| 504 |
|
|
|a Bibliography: pages 59-60.
|
| 650 |
|
0 |
|a Proposal writing in research.
|
| 650 |
|
0 |
|a Research grants.
|
| 700 |
1 |
|
|a Maher, Michael,
|d 1946-
|
| 700 |
1 |
|
|a McAteer, John F.
|
| 999 |
|
|
|a MARS
|
| 999 |
f |
f |
|s 710b0fcb-e77b-3e15-bd3e-911964f225f4
|i 20174624-a34f-31ae-9cbd-8630173bf3f9
|t 0
|
| 952 |
f |
f |
|p normal
|a Texas A&M University
|b College Station
|c Sterling C. Evans Library
|d Evans: Library Stacks
|t 0
|e Q180.55 P7 M3 1982
|h Library of Congress classification
|i unmediated -- volume
|m A14806045071
|
| 998 |
f |
f |
|a Q180.55 P7 M3 1982
|t 0
|l Evans: Library Stacks
|